Leaves of Populus nigra L. as bioindicator of heavy metal pollution; Проблемы геологии и освоения недр; Т. 2

Bibliographische Detailangaben
Parent link:Проблемы геологии и освоения недр: труды XVII Международного симпозиума имени академика М. А. Усова студентов и молодых ученых, Томск, 1-5 апреля 2013 г./ Национальный исследовательский Томский политехнический университет (ТПУ), Институт природных ресурсов (ИПР) ; Общество инженеров-нефтяников, Студенческий чаптер ; под ред. А. Ю. Дмитриева.— , 2013
Т. 2.— 2013.— [С. 861-862]
1. Verfasser: Yalaltdinova A. R. Albina Rashidovna
Körperschaften: Национальный исследовательский Томский политехнический университет (ТПУ) Институт природных ресурсов (ИПР) Кафедра иностранных языков (ИЯПР), Национальный исследовательский Томский политехнический университет (ТПУ) Институт природных ресурсов (ИПР) Кафедра геоэкологии и геохимии (ГЭГХ)
Weitere Verfasser: Baranovskaya N. V. Nataliya Vladimirovna (научный руководитель), Oleynik A. N. Alevtina Nikitichna
Zusammenfassung:Заглавие с экрана
Sprache:Englisch
Veröffentlicht: 2013
Schriftenreihe:Geology, mining and petroleum engineering
Schlagworte:
Online-Zugang:http://www.lib.tpu.ru/fulltext/c/2013/C11/V2/427.pdf
Format: MixedMaterials Elektronisch Buchkapitel
KOHA link:https://koha.lib.tpu.ru/cgi-bin/koha/opac-detail.pl?biblionumber=605515

MARC

LEADER 00000naa2a2200000 4500
001 605515
005 20231101132345.0
035 |a (RuTPU)RU\TPU\conf\2817 
035 |a RU\TPU\conf\2810 
090 |a 605515 
100 |a 20140417d2013 k y0rusy50 ba 
101 0 |a eng 
102 |a RU 
105 |a y z 100zy 
135 |a arnn ---uucaa 
181 0 |a i  
182 0 |a b 
200 1 |a Leaves of Populus nigra L. as bioindicator of heavy metal pollution  |f A. R. Yalaltdinova  |g sci. adv. N. V. Baranovskaya, A. N. Oleynik 
203 |a Текст  |c электронный 
225 1 |a Geology, mining and petroleum engineering 
230 |a 1 компьютерный файл (pdf; 128 Кб) 
300 |a Заглавие с экрана 
320 |a [Библиогр.: с. 862 (3 назв.)] 
337 |a Adobe Reader 
461 1 |0 (RuTPU)RU\TPU\conf\37  |t Проблемы геологии и освоения недр  |o труды XVII Международного симпозиума имени академика М. А. Усова студентов и молодых ученых, Томск, 1-5 апреля 2013 г.  |o в 2 т.  |f Национальный исследовательский Томский политехнический университет (ТПУ), Институт природных ресурсов (ИПР) ; Общество инженеров-нефтяников, Студенческий чаптер ; под ред. А. Ю. Дмитриева  |d 2013 
463 1 |0 (RuTPU)RU\TPU\conf\39  |t Т. 2  |v [С. 861-862]  |d 2013 
610 1 |a труды учёных ТПУ 
610 1 |a электронный ресурс 
610 1 |a биоиндикаторы 
610 1 |a загрязнение 
610 1 |a тяжелые металлы 
610 1 |a окружающая среда 
700 1 |a Yalaltdinova  |b A. R.  |c geochemist  |c engineer at Tomsk Polytechnic University  |f 1990-  |g Albina Rashidovna  |2 stltpush  |3 (RuTPU)RU\TPU\pers\35470 
702 1 |a Baranovskaya  |b N. V.  |c geochemist  |c Professor of Tomsk Polytechnic University, Doctor of biological sciences  |f 1970-  |g Nataliya Vladimirovna  |2 stltpush  |4 727 
702 1 |a Oleynik  |b A. N.  |c Linguist  |c Associate Professor of Tomsk Polytechnic University  |f 1938-  |g Alevtina Nikitichna  |2 stltpush  |4 727 
712 0 2 |a Национальный исследовательский Томский политехнический университет (ТПУ)  |b Институт природных ресурсов (ИПР)  |b Кафедра иностранных языков (ИЯПР)  |h 6735  |2 stltpush  |3 (RuTPU)RU\TPU\col\18662 
712 0 2 |a Национальный исследовательский Томский политехнический университет (ТПУ)  |b Институт природных ресурсов (ИПР)  |b Кафедра геоэкологии и геохимии (ГЭГХ)  |h 259  |2 stltpush  |3 (RuTPU)RU\TPU\col\18658 
801 2 |a RU  |b 63413507  |c 20230316  |g RCR 
856 4 |u http://www.lib.tpu.ru/fulltext/c/2013/C11/V2/427.pdf 
942 |c BK